Statistics for The Disneyland Paris Quiz

Click here to take the quiz!

General Stats

  • This quiz has been taken 339 times
  • The average score is 35 of 89

Answer Stats

Answer% Correct
Star Wars Hyperspace Mountain
81%
Disneyland Hotel
79%
The Twilight Zone Tower of Terror
79%
Big Thunder Mountain
77%
Disney's Hotel New York - The Art of Marvel
75%
Peter Pan's Flight
74%
Disney's Hotel Santa Fe
73%
It's A Small World
73%
Pirates of the Caribbean
72%
Captain Jack's - Restaurant des Pirates
71%
Disney's Newport Bay Club
70%
Disney's Sequoia Lodge
70%
Ratatouille: The Adventure
70%
Blanche-Neige et les Sept Nains
67%
New York Style Sandwiches
67%
Indiana Jones and the Temple of Peril
66%
Disney's Hotel Cheyenne
65%
Dumbo the Flying Elephant
65%
Phantom Manor
62%
Alice's Curious Labyrinth
61%
Buzz Lightyear Laser Blast
61%
Crush's Coaster
60%
Star Tours: The Adventures Continue
59%
Autopia
57%
Planet Hollywood
56%
Mad Hatter's Tea Cups
54%
RC Racer
54%
Slinky Dog Zigzag Spin
54%
Toy Soldiers Parachute Drop
53%
Au Chalet de la Marionette
52%
Café Mickey
52%
Casey Jr. le Petit Train du Cirque
52%
Casey's Corner
52%
Cars Quatre Roues Rallye
51%
Les Voyages de Pinocchio
51%
Rock 'n' Roller Coaster
51%
McDonalds
48%
Sir Lancelot's Carrousel
45%
Rainforest Café
44%
Annette's Diner
42%
Orbitron
42%
Le Pays des Contes de Fées
41%
Le Passage Enchanté d'Aladdin
38%
Studio Tram Tour: Behind The Magic
38%
Les Tapis Volants
36%
Starbucks Coffee
36%
Thunder Mesa Riverboat Landing
33%
Restaurant Hakuna Matata
32%
Silver Spur Steakhouse
32%
La Cabane des Robinson
30%
Earl of Sandwich
28%
The Lucky Nugget Saloon
28%
Plaza Gardens Restaurant
27%
Auberge de Cendrillon
26%
Bistrot Chez Rémy
26%
The Steakhouse
26%
Walt's - An American Restaurant
26%
Café Hyperion
25%
La Tanière du Dragon
25%
Billy Bob's Country Western Saloon
24%
Buffalo Bill's Wild West Show
23%
Five Guys
22%
Restaurant Agrabah Café
21%
Sports Bar
21%
Inventions
20%
King Ludwig's Castle
20%
Restaurant des Stars
20%
Pizzeria Bella Notte
19%
Cape Cod
18%
Colonel Hathi's Pizza Outpost
18%
Toad Hall Restaurant
16%
Chuck Wagon Café
15%
Cowboy Cookout Barbecue
14%
Fuente del Oro Restaurante
14%
Hunter's Grill and Beaver Creek Tavern
14%
La Cantina
13%
Vapiano
13%
Café Fantasia
12%
The Gibson Girl Ice Cream Parlour
12%
Market House Deli
11%
California Grill
10%
Cookie Kitchen
10%
Disney Blockbuster Café
10%
Yacht Club
10%
Last Chance Café
9%
The Ice Cream Company
9%
Cable Car Bake Shop
8%
Restaurant en Coulisse
8%
Fantasia Gelati
5%

Score Distribution

Percentile by Number Answered

Percent of People with Each Score

Your Score History

You have not taken this quiz